000 00458nam a2200193Ia 4500
008 170918s9999 xx 000 0 und d
020 _a736422153
050 _bT831 2004
100 _aTrimble, Irene
245 4 _aThe incredibles :
245 _bthe junior novelization /
245 _cby Irene Trimble.
260 _aUSA :
260 _bRandom House,
260 _c2004
300 _a128 pages :
300 _billustrations ;
300 _c19cm.
999 _c344036
_d344036